[Event "Memoria? Zamenhofa"]
[Site "Bialystok"]
[Date "2024.12.27"]
[Round "2.30"]
[White "Dylag, Emilia"]
[Black "Trybus, Daniel"]
[Result "1/2-1/2"]
[WhiteElo "2108"]
[BlackElo "2035"]
[PlyCount "119"]
[EventDate "2024.??.??"]

1. Nf3 g6 2. c4 Bg7 3. d4 d6 4. Nc3 Nd7 5. g3 e5 6. Bg2 Ne7 7. O-O O-O 8. e4
exd4 9. Nxd4 Ne5 10. b3 N7c6 11. Nde2 f5 12. f4 Ng4 13. h3 Nh6 14. e5 dxe5 15.
Ba3 Re8 16. fxe5 Bxe5 17. Bxc6 bxc6 18. Qxd8 Rxd8 19. Rad1 Be6 20. Bc5 a5 21.
Nd4 Bd7 22. Kg2 Nf7 23. Na4 Re8 24. Nf3 Bd6 25. Rfe1 Kf8 26. Bf2 Rxe1 27. Rxe1
Re8 28. Rxe8+ Kxe8 29. c5 Be7 30. Be1 Be6 31. Bxa5 Kd7 32. Bc3 Bd5 33. Kf2 g5
34. Ne5+ Nxe5 35. Bxe5 h5 36. Bd4 f4 37. gxf4 gxf4 38. Nc3 Bh4+ 39. Kg1 f3 40.
b4 Be6 41. Bf2 Bf6 42. Ne4 Be5 43. a4 Bxh3 44. Be1 Bg4 45. a5 Kc8 46. Bc3 Bf4
47. Bd2 Bf5 48. Bxf4 Bxe4 49. Bg3 Bd3 50. Kf2 Be2 51. Ke3 Kb7 52. Kd4 Ka6 53.
Kc3 Kb5 54. Bf2 Ka4 55. Be1 Ka3 56. Kd4 Kb3 57. Ke3 h4 58. Bxh4 Kxb4 59. Be7
Kxa5 60. Ke4 1/2-1/2

[Event "Memoria? Zamenhofa"]
[Site "Bialystok"]
[Date "2024.12.27"]
[Round "2.31"]
[White "Barwinska, Ewa"]
[Black "Chiszko, Oskar"]
[Result "1-0"]
[WhiteElo "2021"]
[BlackElo "2106"]
[PlyCount "73"]
[EventDate "2024.??.??"]

1. e4 c6 2. d4 d5 3. Nc3 dxe4 4. Nxe4 Bf5 5. Qf3 e6 6. Ne2 Nf6 7. Nxf6+ Qxf6 8.
Qb3 Qe7 9. Ng3 Qb4+ 10. Qxb4 Bxb4+ 11. c3 Bd6 12. Nxf5 exf5 13. Bd3 g6 14. Bd2
Nd7 15. O-O-O O-O 16. Rhe1 Nf6 17. h3 Kg7 18. c4 b5 19. b3 Rab8 20. Bc3 bxc4
21. bxc4 Bb4 22. Kc2 Nd7 23. Rb1 Bxc3 24. Kxc3 Nb6 25. Bc2 Rb7 26. a4 Rfb8 27.
Kd3 a5 28. Rb3 Nd5 29. cxd5 Rxb3+ 30. Bxb3 Rxb3+ 31. Kc2 Rb4 32. dxc6 Rxd4 33.
Rc1 Rd8 34. Kc3 Kf6 35. Kc4 Ke7 36. Kb5 Rc8 37. c7 1-0

[Event "Memoria? Zamenhofa"]
[Site "Bialystok"]
[Date "2024.12.27"]
[Round "2.32"]
[White "Ciszewski, Krzysztof"]
[Black "Haladaj, Adam"]
[Result "1/2-1/2"]
[WhiteElo "2103"]
[BlackElo "2014"]
[PlyCount "64"]
[EventDate "2024.??.??"]

1. d4 Nf6 2. c4 e6 3. Nc3 d5 4. cxd5 exd5 5. Bg5 c6 6. e3 Be7 7. Bd3 Nbd7 8.
Nge2 O-O 9. O-O Ne4 10. Bxe7 Qxe7 11. Bxe4 dxe4 12. b4 Nf6 13. Rb1 Be6 14. Nf4
Bc4 15. Re1 Nd5 16. Ncxd5 cxd5 17. a4 f5 18. Qh5 Rad8 19. h4 Rd6 20. Qg5 Qxg5
21. hxg5 g6 22. b5 h6 23. gxh6 Kh7 24. f3 g5 25. Nh3 Kxh6 26. Nf2 exf3 27. gxf3
Re8 28. Rbc1 a6 29. bxa6 Rxa6 30. Rb1 Re7 31. Rb4 Rc6 32. Kg2 Kg6 1/2-1/2

[Event "Memoria? Zamenhofa"]
[Site "Bialystok"]
[Date "2024.12.27"]
[Round "2.34"]
[White "Obrycki, Tomasz"]
[Black "Jarzebowski, Kacper"]
[Result "0-1"]
[WhiteElo "1984"]
[BlackElo "2099"]
[PlyCount "85"]
[EventDate "2024.??.??"]

1. c4 Nf6 2. g3 g6 3. Bg2 Bg7 4. Nf3 O-O 5. O-O d6 6. d4 c6 7. Nc3 Bf5 8. Nh4
Be6 9. Qd3 d5 10. cxd5 cxd5 11. b3 Nc6 12. Bb2 Qd7 13. e3 Rfd8 14. Rfd1 Rac8
15. Rac1 Bh3 16. Nf3 Bxg2 17. Kxg2 Qe6 18. Ne5 Nxe5 19. dxe5 Qxe5 20. Nxd5
Qxd5+ 21. Qxd5 Nxd5 22. Rxc8 Rxc8 23. Bxg7 Rd8 24. Kf3 Kxg7 25. e4 e6 26. exd5
exd5 27. Ke3 Kf6 28. Rc1 Re8+ 29. Kd3 Re7 30. Rc5 Ke5 31. Rc8 Rd7 32. Re8+ Kf5
33. h3 h5 34. Kd4 f6 35. Re3 b6 36. Re2 g5 37. Re3 Rc7 38. Kxd5 Rc2 39. Rf3+
Kg6 40. a4 a6 41. Kd4 b5 42. Kd3 Rc1 43. Ke4 0-1

[Event "Memoria? Zamenhofa"]
[Site "Bialystok"]
[Date "2024.12.27"]
[Round "2.35"]
[White "Baginskaite, Kamile"]
[Black "Rychlik, Michal"]
[Result "1-0"]
[WhiteElo "2091"]
[BlackElo "1976"]
[PlyCount "42"]
[EventDate "2024.??.??"]

1. d4 Nf6 2. Nf3 b6 3. g3 Bb7 4. c4 g6 5. Bg2 Bg7 6. O-O O-O 7. d5 Na6 8. Nc3
Nc5 9. Qc2 e6 10. e4 exd5 11. exd5 c6 12. dxc6 Bxc6 13. Bf4 Qc8 14. Nb5 Nfe4
15. Nfd4 g5 16. Nxc6 Qxc6 17. Bxg5 Rae8 18. Be3 a6 19. Nd4 Qg6 20. Rad1 h5 21.
Rfe1 Be5 1-0

[Event "Memoria? Zamenhofa"]
[Site "Bialystok"]
[Date "2024.12.28"]
[Round "3.1"]
[White "Rudolf, Michal"]
[Black "Klimkowski, Jan"]
[Result "1/2-1/2"]
[WhiteElo "2284"]
[BlackElo "2504"]
[PlyCount "76"]
[EventDate "2024.??.??"]

1. e4 c5 2. c3 Nf6 3. e5 Nd5 4. Nf3 Nc6 5. d4 cxd4 6. cxd4 d6 7. Bc4 Nb6 8. Bb5
Bd7 9. Nc3 dxe5 10. dxe5 g6 11. O-O Bg7 12. Qe2 Bg4 13. h3 Bxf3 14. Qxf3 O-O
15. Bxc6 bxc6 16. e6 Nd5 17. Nxd5 Qxd5 18. exf7+ Rxf7 19. Qb3 Qxb3 20. axb3 Rf5
21. Ra6 Rc5 22. Be3 Rc2 23. Rd1 Rxb2 24. Rd7 Rb1+ 25. Kh2 Be5+ 26. g3 Bd6 27.
Rxc6 a5 28. Rc3 Kf7 29. Ra7 Rxa7 30. Bxa7 Bb4 31. Re3 e5 32. Kg2 e4 33. g4 Kf6
34. Bb6 Kf7 35. Ba7 Be7 36. Bd4 Bg5 37. Rc3 Ke6 38. Rc6+ Kd5 1/2-1/2

[Event "Memoria? Zamenhofa"]
[Site "Bialystok"]
[Date "2024.12.28"]
[Round "3.2"]
[White "Malek, Jan"]
[Black "Rekuc, Patryk"]
[Result "1-0"]
[WhiteElo "2498"]
[BlackElo "2264"]
[PlyCount "75"]
[EventDate "2024.??.??"]

1. e4 e6 2. d4 d5 3. Nc3 Nf6 4. e5 Nfd7 5. f4 c5 6. Nf3 Nc6 7. Be3 a6 8. Ne2 b5
9. h4 cxd4 10. Nexd4 Qb6 11. c3 Bb7 12. Bd3 b4 13. O-O Bc5 14. Bc2 bxc3 15.
bxc3 Na5 16. f5 Nc4 17. Bf4 O-O-O 18. Kh1 Rde8 19. Qe2 Qd8 20. Bg3 exf5 21.
Bxf5 g6 22. Bd3 Ndb6 23. Ng5 f5 24. Nf7 Qe7 25. Nxh8 Rxh8 26. Rab1 Re8 27. Nb3
Be3 28. Nd4 Qc5 29. Rxb6 Qxb6 30. Rb1 Qa5 31. Bxc4 Bxd4 32. cxd4 dxc4 33. Qxc4+
Qc7 34. Qxc7+ Kxc7 35. e6+ Kc8 36. d5 Rd8 37. Rc1+ Bc6 38. dxc6 1-0

[Event "Memoria? Zamenhofa"]
[Site "Bialystok"]
[Date "2024.12.28"]
[Round "3.3"]
[White "Sowinski, Pawel"]
[Black "Kaganskiy, Gleb"]
[Result "1-0"]
[WhiteElo "2435"]
[BlackElo "2219"]
[PlyCount "103"]
[EventDate "2024.??.??"]

1. Nf3 c5 2. c4 Nf6 3. g3 g6 4. Bg2 Bg7 5. O-O O-O 6. d4 cxd4 7. Qxd4 Nc6 8.
Qh4 Qa5 9. Nc3 Qh5 10. Qxh5 Nxh5 11. Bd2 d6 12. Rac1 Nf6 13. b3 Bf5 14. Rfd1
Ne4 15. Nh4 Bxc3 16. Bxc3 Nxc3 17. Rxc3 Be6 18. Bd5 Rfc8 19. Bxe6 fxe6 20. Nf3
b6 21. Rd2 e5 22. e3 Nd8 23. Rdc2 Ne6 24. Nd2 a5 25. Nb1 Ng5 26. Rc1 Ne4 27.
R3c2 Rf8 28. Kg2 Rf7 29. f3 Ng5 30. Rf1 Raf8 31. Rcf2 Ne6 32. Nc3 Nc5 33. Rd2
Kg7 34. h4 Kg8 35. Rdd1 Kg7 36. f4 Nd7 37. Rc1 Nf6 38. Rfe1 Ng4 39. Re2 Rc8 40.
Rd1 Rc6 41. Rd3 exf4 42. exf4 e5 43. Nd5 a4 44. Nb4 Rc8 45. Rxd6 exf4 46. gxf4
axb3 47. axb3 b5 48. cxb5 Rxf4 49. Nd5 Rd4 50. b6 Nf6 51. b7 Rb8 52. Nxf6 1-0

[Event "Memoria? Zamenhofa"]
[Site "Bialystok"]
[Date "2024.12.28"]
[Round "3.4"]
[White "Morchiashvili, Bachana"]
[Black "Pidluznij, Gleb"]
[Result "0-1"]
[WhiteElo "2265"]
[BlackElo "2422"]
[PlyCount "92"]
[EventDate "2024.??.??"]

1. d4 d5 2. Nf3 Nf6 3. c4 e6 4. Nc3 c5 5. e3 a6 6. cxd5 exd5 7. Be2 Nc6 8. O-O
Bd6 9. dxc5 Bxc5 10. b3 O-O 11. Bb2 Ba7 12. Qc2 Be6 13. Rad1 h6 14. Qb1 Qe7 15.
Bd3 Rfd8 16. Ne2 Bg4 17. Bf5 Bxf3 18. gxf3 d4 19. Nxd4 Nxd4 20. Bxd4 Bxd4 21.
Rxd4 Rxd4 22. exd4 Rd8 23. Qd3 Rd5 24. Kh1 g6 25. Rg1 Kf8 26. Be4 Rh5 27. Qe3
Rh4 28. Bb1 Qd6 29. Qe5 Qxd4 30. Qb8+ Kg7 31. Qxb7 g5 32. Qc7 Qxf2 33. Qg3 Qd4
34. Qg2 Rf4 35. Re1 Qc3 36. Rf1 Nd5 37. Qf2 Ne3 38. Rg1 Nd5 39. Be4 Nf6 40. Bb7
a5 41. Qe2 a4 42. bxa4 Rxa4 43. Rd1 Rb4 44. Bd5 Rb2 45. Qc4 Qe3 46. f4 Qf2 0-1

[Event "Memoria? Zamenhofa"]
[Site "Bialystok"]
[Date "2024.12.28"]
[Round "3.5"]
[White "Flak, Pawel"]
[Black "Lewtak, Damian"]
[Result "0-1"]
[WhiteElo "2131"]
[BlackElo "2359"]
[PlyCount "78"]
[EventDate "2024.??.??"]

1. d4 Nf6 2. c4 e6 3. Nf3 b6 4. g3 Bb7 5. Bg2 Be7 6. O-O O-O 7. Nc3 Ne4 8. Qc2
Nxc3 9. Qxc3 d6 10. b3 Nd7 11. Bb2 Qe8 12. Ne1 Bxg2 13. Nxg2 Bf6 14. Qc2 Qe7
15. Rad1 a5 16. e4 a4 17. f4 g6 18. b4 Bg7 19. a3 c6 20. d5 Bxb2 21. Qxb2 cxd5
22. exd5 e5 23. f5 Qg5 24. Rde1 Rac8 25. Ne3 e4 26. Qd4 Rfe8 27. Kg2 Ne5 28.
fxg6 hxg6 29. h4 Qh5 30. Qxe4 Nxc4 31. Qf4 Nxe3+ 32. Rxe3 Qxd5+ 33. Kh3 Re5 34.
Ref3 Rf5 35. Qg4 Rc2 36. b5 Rb2 37. Qxf5 gxf5 38. Rxf5 Qe6 39. R1f4 Kf8 0-1

[Event "Memoria? Zamenhofa"]
[Site "Bialystok"]
[Date "2024.12.28"]
[Round "3.6"]
[White "Kokoszczynski, Jan"]
[Black "Krol, Jan"]
[Result "1/2-1/2"]
[WhiteElo "2307"]
[BlackElo "2067"]
[PlyCount "125"]
[EventDate "2024.??.??"]

1. e4 e5 2. Nf3 Nc6 3. Bb5 a6 4. Ba4 Nf6 5. O-O b5 6. Bb3 Be7 7. d3 d6 8. Bd2
Bg4 9. c3 Na5 10. Bc2 c5 11. h3 Bd7 12. Re1 O-O 13. d4 Qc7 14. d5 Ne8 15. b3
Qc8 16. a4 bxa4 17. bxa4 f5 18. exf5 Bxf5 19. Bg5 Bxc2 20. Qxc2 Rxf3 21. Bxe7
Rf7 22. Bg5 Qf5 23. Qxf5 Rxf5 24. Be3 Nc7 25. Rd1 Nc4 26. Nd2 Nxd2 27. Rxd2 Rb8
28. c4 Rf7 29. Rc2 Ne8 30. Kf1 Rb3 31. Ke2 Nf6 32. a5 Ne4 33. Ke1 Rfb7 34. Ke2
h6 35. g4 Rf7 36. h4 Kh7 37. Rg1 g6 38. Ra1 Nf6 39. Rg1 h5 40. gxh5 Nxh5 41.
Rg5 Rb1 42. Rc1 Rb2+ 43. Kd3 Rfb7 44. Ke4 Nf6+ 45. Kf3 Rf7 46. Rcg1 Nxd5+ 47.
Ke4 Nf4 48. h5 Rf6 49. Bxf4 Rxf4+ 50. Kd5 Rf6 51. Rxg6 Rd2+ 52. Kc6 Rdxf2 53.
Kb6 d5+ 54. Kxc5 dxc4 55. Kxc4 R2f5 56. Rg7+ Kh6 57. Rg8 Kh7 58. R1g7+ Kh6 59.
Rg1 Kh7 60. R8g7+ Kh6 61. Rg8 Kh7 62. R8g7+ Kh6 63. Kd5 1/2-1/2

[Event "Memoria? Zamenhofa"]
[Site "Bialystok"]
[Date "2024.12.28"]
[Round "3.7"]
[White "Radzimski, Antoni"]
[Black "Jakubowski, Krzysztof"]
[Result "1/2-1/2"]
[WhiteElo "2290"]
[BlackElo "2442"]
[PlyCount "92"]
[EventDate "2024.??.??"]

1. d4 Nf6 2. c4 e6 3. Nc3 Bb4 4. e3 c5 5. Nge2 b6 6. a3 Ba5 7. Rb1 Na6 8. g3
Bb7 9. d5 b5 10. Bg2 bxc4 11. O-O O-O 12. e4 d6 13. Qa4 exd5 14. exd5 h6 15.
Qxc4 Re8 16. Be3 Nc7 17. b4 Ba6 18. Qa2 cxb4 19. axb4 Bxe2 20. Nxe2 Bb6 21.
Bxb6 axb6 22. Qd2 Nb5 23. Nd4 Nxd4 24. Qxd4 Nd7 25. Rbc1 b5 26. Rc3 Ne5 27.
Rfc1 Qf6 28. Kh1 Ra2 29. f4 Nc4 30. Qxf6 gxf6 31. Bf1 Rb2 32. Bxc4 bxc4 33.
R1c2 Rxb4 34. Rxc4 Rxc4 35. Rxc4 Re1+ 36. Kg2 Rd1 37. Kf3 f5 38. Rc8+ Kg7 39.
Re8 Rxd5 40. h3 Rd3+ 41. Kf2 h5 42. h4 Ra3 43. Rd8 Ra2+ 44. Kf3 Ra3+ 45. Kf2
Ra2+ 46. Kf3 Ra3+ 1/2-1/2

[Event "Memoria? Zamenhofa"]
[Site "Bialystok"]
[Date "2024.12.28"]
[Round "3.8"]
[White "Cukrowski, Filip"]
[Black "Kulig, Pawel"]
[Result "1/2-1/2"]
[WhiteElo "2403"]
[BlackElo "2033"]
[PlyCount "91"]
[EventDate "2024.??.??"]

1. d4 Nf6 2. Nf3 g6 3. g3 d5 4. Bg2 Bg7 5. c4 c6 6. O-O O-O 7. cxd5 cxd5 8. Nc3
Ne4 9. Ne5 Bf5 10. Qa4 Nc6 11. Nxc6 bxc6 12. Nxe4 dxe4 13. Be3 Rb8 14. Rab1 Qd7
15. Rfc1 Rb5 16. Rc5 Rfb8 17. b3 Rb4 18. Qxc6 Qxc6 19. Rxc6 Bxd4 20. Rc7 Bxe3
21. fxe3 a5 22. Rxe7 a4 23. Kf2 Kf8 24. Ra7 axb3 25. Rxb3 Rxb3 26. axb3 Rxb3
27. Ra4 Rb1 28. Bxe4 Bxe4 29. Rxe4 Rh1 30. Kg2 Re1 31. Kf2 Rh1 32. h4 h5 33.
Ra4 Ke7 34. e4 Rb1 35. Ra6 Rb3 36. Ra1 Ke6 37. e3 Rb2+ 38. Kf3 Rb4 39. Ra6+ Ke7
40. e5 Rc4 41. e4 Rb4 42. Kf4 Rb3 43. Ra7+ Ke6 44. Ra6+ Ke7 45. Rc6 Ra3 46. Rb6
1/2-1/2

[Event "Memoria? Zamenhofa"]
[Site "Bialystok"]
[Date "2024.12.28"]
[Round "3.9"]
[White "Szewczyk, Mariusz"]
[Black "Czernek, Tymon"]
[Result "1-0"]
[WhiteElo "2171"]
[BlackElo "2353"]
[PlyCount "79"]
[EventDate "2024.??.??"]

1. e4 c5 2. Nf3 d6 3. d4 cxd4 4. Nxd4 Nf6 5. f3 e5 6. Bb5+ Bd7 7. Bxd7+ Qxd7 8.
Nf5 g6 9. Ne3 Nc6 10. Nc3 Bg7 11. O-O O-O 12. Ned5 Nxd5 13. Nxd5 f5 14. c3 Rf7
15. Be3 Raf8 16. Re1 b6 17. Qe2 Nd8 18. a4 Ne6 19. a5 b5 20. Red1 Rc8 21. a6
fxe4 22. fxe4 Nf4 23. Nxf4 exf4 24. Bd4 Rc4 25. Bxg7 Kxg7 26. Rd5 Re7 27. Re1
Qc6 28. Qd3 Qb6+ 29. Kf1 Qxa6 30. Rxd6 Qc8 31. e5 b4 32. e6 bxc3 33. Rd7 Kf6
34. b3 Rc7 35. Qd4+ Kg5 36. Qe5+ Kh6 37. Qxf4+ Kg7 38. Qxc7 Qxc7 39. Rxc7 Rxc7
40. e7 1-0

[Event "Memoria? Zamenhofa"]
[Site "Bialystok"]
[Date "2024.12.28"]
[Round "3.10"]
[White "Karut, Kacper"]
[Black "Kucza, Karol"]
[Result "1-0"]
[WhiteElo "2115"]
[BlackElo "2346"]
[PlyCount "101"]
[EventDate "2024.??.??"]

1. e4 e5 2. Nf3 Nc6 3. Bc4 Bc5 4. c3 Nf6 5. d4 exd4 6. b4 Bb6 7. e5 d5 8. exf6
dxc4 9. Qe2+ Be6 10. b5 d3 11. Qe4 Nb4 12. O-O Nc2 13. fxg7 Rg8 14. Bg5 Qd5 15.
Qxh7 Kd7 16. Nbd2 Qf5 17. Qxf5 Bxf5 18. Rad1 Rxg7 19. Nxc4 Rag8 20. h4 f6 21.
Bxf6 Rxg2+ 22. Kh1 Be4 23. Ncd2 Bd5 24. c4 Be6 25. Ne4 Kc8 26. Neg5 R2xg5 27.
hxg5 Bxc4 28. Ne5 Bxb5 29. Nxd3 Nd4 30. f4 Nf5 31. Rfe1 Ne3 32. Rb1 Bxd3 33.
Rxb6 Nc2 34. Rbe6 Nxe1 35. Rxe1 c5 36. Kg2 Kd7 37. Re7+ Kc6 38. Kf3 a5 39. Kg4
b5 40. f5 b4 41. g6 Bc4 42. a3 Bd3 43. axb4 axb4 44. Kg5 c4 45. Re3 Kc5 46. g7
c3 47. Bxc3 Bc4 48. f6 Bd5 49. Kg6 Rc8 50. Bb2 Kc4 51. f7 1-0

[Event "Memoria? Zamenhofa"]
[Site "Bialystok"]
[Date "2024.12.28"]
[Round "3.11"]
[White "Janeczko, Jakub"]
[Black "Woznicki, Tomasz"]
[Result "1/2-1/2"]
[WhiteElo "2326"]
[BlackElo "1987"]
[PlyCount "67"]
[EventDate "2024.??.??"]

1. e4 e5 2. Nf3 Nf6 3. Nc3 Bb4 4. Nxe5 O-O 5. Nd3 Bxc3 6. dxc3 Nxe4 7. Be2 d6
8. O-O Re8 9. Re1 Nd7 10. f3 Nec5 11. Nf4 b6 12. a4 a5 13. Bb5 Rxe1+ 14. Qxe1
Ne5 15. Be3 Ne6 16. Qg3 Nxf4 17. Bxf4 Ng6 18. Bg5 f6 19. Be3 Bd7 20. Bc4+ Kh8
21. b3 Qe7 22. Bd4 Re8 23. h4 Ne5 24. Bf1 Nc6 25. Bf2 Qe5 26. Qxe5 Nxe5 27. Rd1
Bc6 28. c4 Kg8 29. Bg3 Bd7 30. Kf2 Bf5 31. Rd2 Kf7 32. h5 g6 33. hxg6+ hxg6 34.
Bh2 1/2-1/2

[Event "Memoria? Zamenhofa"]
[Site "Bialystok"]
[Date "2024.12.28"]
[Round "3.12"]
[White "Dalkowski, Rafal"]
[Black "Kosakowski, Jakub"]
[Result "1/2-1/2"]
[WhiteElo "2102"]
[BlackElo "2539"]
[PlyCount "104"]
[EventDate "2024.??.??"]

1. d4 Nf6 2. c4 e6 3. Nf3 d5 4. cxd5 exd5 5. Nc3 Bb4 6. Bg5 h6 7. Bh4 g5 8. Bg3
Ne4 9. Rc1 h5 10. h4 Nxg3 11. fxg3 Bd6 12. Kf2 g4 13. Ne5 Nc6 14. Nxd5 Nxe5 15.
dxe5 Bxe5 16. b3 c6 17. Nf4 Qb6+ 18. e3 Bd7 19. Qc2 O-O-O 20. Qc5 Bxf4 21. gxf4
Be6 22. Be2 Rd2 23. f5 Rd5 24. Qxb6 Rxf5+ 25. Kg3 axb6 26. e4 Ra5 27. Rc2 Kd7
28. Rd1+ Ke7 29. Rdd2 Rha8 30. Kf4 Kf6 31. Bf1 Re5 32. Rd4 Raa5 33. Be2 Rac5
34. Rcd2 Rc1 35. Bd1 c5 36. Rd6 c4 37. Rc2 Rxc2 38. Bxc2 Ra5 39. bxc4 Rxa2 40.
e5+ Kg7 41. Be4 Bxc4 42. Rxb6 Bf1 43. g3 Ra4 44. Kf5 Bc4 45. Kg5 Ra5 46. Kf4
Ra4 47. Kg5 Be6 48. Bxb7 Ra5 49. Kf4 Ra1 50. Be4 Rf1+ 51. Kg5 Re1 52. Kf4 Rf1+
1/2-1/2

[Event "Memoria? Zamenhofa"]
[Site "Bialystok"]
[Date "2024.12.28"]
[Round "3.13"]
[White "Quparadze, Giga"]
[Black "Lechowski, Witold"]
[Result "1-0"]
[WhiteElo "2537"]
[BlackElo "2101"]
[PlyCount "93"]
[EventDate "2024.??.??"]

1. e4 e5 2. Nf3 Nc6 3. Bb5 Nf6 4. d3 Bc5 5. c3 d5 6. Nxe5 O-O 7. Bxc6 bxc6 8.
O-O dxe4 9. d4 Bd6 10. Nd2 c5 11. Ndc4 cxd4 12. Qxd4 Bxe5 13. Nxe5 Qxd4 14.
cxd4 Re8 15. b3 c5 16. Bb2 cxd4 17. Bxd4 Nd5 18. Nc6 a5 19. Rfc1 Be6 20. Rc5 a4
21. b4 Ne7 22. b5 Nxc6 23. bxc6 f6 24. c7 Kf7 25. a3 Rec8 26. Rc3 Ra5 27. h4
Rb5 28. Rac1 Rb7 29. Be3 Rb3 30. Bf4 g6 31. Re3 Rxe3 32. fxe3 Ke7 33. Rd1 Bd7
34. Rd4 Bc6 35. g4 Ra8 36. g5 f5 37. Rd6 Bd7 38. Rb6 Rc8 39. Kf2 Be6 40. Ke1
Re8 41. Kd2 Bd7 42. Kc3 Kf7 43. Rf6+ Kg7 44. Rd6 Bc8 45. Kb4 Re6 46. Rd8 Bb7
47. c8=Q 1-0

[Event "Memoria? Zamenhofa"]
[Site "Bialystok"]
[Date "2024.12.28"]
[Round "3.14"]
[White "Mulawa, Cyprian"]
[Black "Baginskaite, Kamile"]
[Result "1-0"]
[WhiteElo "2353"]
[BlackElo "2091"]
[PlyCount "77"]
[EventDate "2024.??.??"]

1. e4 c5 2. Nf3 d6 3. d4 cxd4 4. Nxd4 Nf6 5. Nc3 a6 6. h3 e5 7. Nf3 Be7 8. g4
Be6 9. Ng5 Qc7 10. Nxe6 fxe6 11. g5 Nfd7 12. Qh5+ g6 13. Qg4 Nc6 14. Qxe6 Nd4
15. Qxe7+ Kxe7 16. Nd5+ Kd8 17. Nxc7 Kxc7 18. Kd1 Nc5 19. Bg2 Raf8 20. Be3 Nf3
21. h4 Rf7 22. c3 Rhf8 23. Ke2 Nxe4 24. Rh3 Ned2 25. Bh1 e4 26. Bxd2 Nxd2 27.
Kxd2 Rxf2+ 28. Ke3 d5 29. Rd1 Rxb2 30. Rxd5 Rxa2 31. Bxe4 Rff2 32. h5 Rae2+ 33.
Kd3 Rd2+ 34. Kc4 Rde2 35. Rd4 Rf4 36. hxg6 hxg6 37. Rh7+ Kb6 38. Rxb7+ Ka5 39.
Rd5+ 1-0

[Event "Memoria? Zamenhofa"]
[Site "Bialystok"]
[Date "2024.12.28"]
[Round "3.16"]
[White "Malisauskas, Vidmantas"]
[Black "Kasperek, Ryszard"]
[Result "1-0"]
[WhiteElo "2315"]
[BlackElo "2059"]
[PlyCount "65"]
[EventDate "2024.??.??"]

1. Nf3 c5 2. e4 e6 3. d4 cxd4 4. Nxd4 Nf6 5. Nc3 Nc6 6. Nxc6 bxc6 7. e5 Nd5 8.
Ne4 Qc7 9. f4 Rb8 10. c4 Bb4+ 11. Ke2 O-O 12. cxd5 cxd5 13. Ng5 h6 14. Nf3 f6
15. Be3 fxe5 16. Rc1 Qa5 17. fxe5 Qxa2 18. Kf2 d6 19. Bd4 Bc5 20. Kg3 Bxd4 21.
Qxd4 dxe5 22. Qxe5 Qxb2 23. Qxb2 Rxb2 24. Bd3 Bd7 25. Rc7 Bb5 26. Bxb5 Rxb5 27.
Re1 Rf6 28. h4 Rg6+ 29. Kh3 Rb2 30. h5 Rgxg2 31. Rxe6 Rgf2 32. Re8+ Kh7 33.
Rcc8 1-0

[Event "Memoria? Zamenhofa"]
[Site "Bialystok"]
[Date "2024.12.28"]
[Round "3.17"]
[White "Golis, Wiktor"]
[Black "Kirtadze, Anastasia"]
[Result "0-1"]
[WhiteElo "2313"]
[BlackElo "2047"]
[PlyCount "54"]
[EventDate "2024.??.??"]

1. e4 c5 2. Nf3 e6 3. d4 cxd4 4. Nxd4 Nf6 5. Bd3 d5 6. e5 Ne4 7. O-O Nd7 8. Bf4
Nec5 9. Re1 Be7 10. c3 g5 11. Bg3 h5 12. h3 Nxd3 13. Qxd3 Nc5 14. Qe2 Bd7 15.
Nd2 Qb6 16. b3 O-O-O 17. a4 Kb8 18. Qf3 g4 19. hxg4 hxg4 20. Qxf7 Bg5 21. Nf1
Ne4 22. a5 Qc5 23. a6 Rh6 24. Qg7 Rdh8 25. Bh2 R6h7 26. Qg6 Qxc3 27. Ne2 Qc5
0-1

[Event "Memoria? Zamenhofa"]
[Site "Bialystok"]
[Date "2024.12.28"]
[Round "3.18"]
[White "Backiel, Hubert"]
[Black "Sawicki, Dorian"]
[Result "1-0"]
[WhiteElo "2260"]
[BlackElo "2036"]
[PlyCount "109"]
[EventDate "2024.??.??"]

1. e4 e6 2. d4 d5 3. Nc3 Nf6 4. Bg5 dxe4 5. Nxe4 Nbd7 6. Nf3 h6 7. Bxf6 Nxf6 8.
Qd3 Nxe4 9. Qxe4 Qd5 10. Bd3 Bd6 11. O-O Bd7 12. Qe3 Qh5 13. c4 c5 14. Be4 O-O
15. Rad1 Rab8 16. Qa3 f5 17. Bc2 Bc6 18. d5 exd5 19. cxd5 Bb5 20. Rfe1 a6 21.
Re6 Rbd8 22. Rde1 Be8 23. Rxd6 Rxd6 24. Qxc5 Rd8 25. Bb3 Bf7 26. Nd4 f4 27. Qc3
Bxd5 28. Bxd5+ Rxd5 29. Ne6 Rf7 30. Qc8+ Kh7 31. Nf8+ Rxf8 32. Qxf8 Rd1 33. Qe7
Qd5 34. h3 Rxe1+ 35. Qxe1 g5 36. Kh2 Kg7 37. Qe7+ Qf7 38. Qe4 Qd7 39. Qe5+ Kg6
40. Qe4+ Kg7 41. a4 Qc6 42. Qe7+ Kg6 43. b3 Kf5 44. f3 Kg6 45. h4 Qd5 46. Qe8+
Kg7 47. Qe7+ Qf7 48. Qe5+ Kg6 49. b4 Qf6 50. Qe4+ Kh5 51. Qxb7 gxh4 52. b5 axb5
53. axb5 h3 54. Qd7 Kg6 55. Qc6 1-0

[Event "Memoria? Zamenhofa"]
[Site "Bialystok"]
[Date "2024.12.28"]
[Round "3.19"]
[White "Krasniewski, Maciej"]
[Black "Szostko, Jakub"]
[Result "0-1"]
[WhiteElo "1984"]
[BlackElo "2220"]
[PlyCount "78"]
[EventDate "2024.??.??"]

1. d4 Nf6 2. c4 e6 3. Nf3 d5 4. Nc3 a6 5. cxd5 exd5 6. Bg5 Be6 7. e3 Nbd7 8.
Bd3 Bd6 9. O-O c6 10. Qe2 O-O 11. Rad1 Re8 12. Rfe1 Qc7 13. e4 dxe4 14. Nxe4
Nxe4 15. Qxe4 Nf8 16. Qh4 f6 17. Bd2 Bxa2 18. Re3 Qf7 19. Rde1 Bd5 20. Qh3 g6
21. Qh4 Re7 22. Rxe7 Bxe7 23. Qg3 Ne6 24. h4 Ng7 25. Re3 Bf8 26. Nh2 Nh5 27.
Qg4 Bh6 28. Re2 f5 29. Qh3 Bxd2 30. Rxd2 Nf4 31. Qg3 Nxg2 32. Bf1 f4 33. Qg5
Ne1 34. Re2 Re8 35. Rxe1 Rxe1 36. Ng4 Kh8 37. Ne5 Qf8 38. Nd7 Qe7 39. Nf6 Re6
0-1

[Event "Memoria? Zamenhofa"]
[Site "Bialystok"]
[Date "2024.12.28"]
[Round "3.20"]
[White "Gotsiridze, Davit"]
[Black "Rudzinska, Michalina"]
[Result "0-1"]
[WhiteElo "1981"]
[BlackElo "2210"]
[PlyCount "84"]
[EventDate "2024.??.??"]

1. e4 c5 2. Nf3 e6 3. c3 d5 4. exd5 Qxd5 5. Na3 Nf6 6. d4 a6 7. Nc4 Nbd7 8. a4
cxd4 9. Qxd4 Bc5 10. Qxd5 Nxd5 11. a5 O-O 12. Be2 Ba7 13. Nd6 Nc5 14. Nxc8
Raxc8 15. Ra3 Ne4 16. O-O Ndf6 17. Nd2 Rcd8 18. Nxe4 Nxe4 19. Ra4 f5 20. Rb4
Rf7 21. Be3 Bxe3 22. fxe3 Rd2 23. Bf3 Rfd7 24. h4 Nc5 25. Rc4 Nb3 26. Rc8+ Kf7
27. Rb1 Nxa5 28. b4 Nc6 29. Bxc6 bxc6 30. Rxc6 Ra2 31. Kh2 Rdd2 32. Rg1 Re2 33.
c4 Rxe3 34. c5 Re4 35. Rb6 Rxh4+ 36. Kg3 Rc4 37. Re1 Rg4+ 38. Kf3 Rgxg2 39. c6
Rgc2 40. Rd1 Rc3+ 41. Kf4 Kf6 42. c7 g5# 0-1

[Event "Memoria? Zamenhofa"]
[Site "Bialystok"]
[Date "2024.12.28"]
[Round "3.21"]
[White "Levi, Netanel"]
[Black "Barwinska, Ewa"]
[Result "1-0"]
[WhiteElo "2193"]
[BlackElo "2021"]
[PlyCount "87"]
[EventDate "2024.??.??"]

1. e4 c5 2. Nf3 Nc6 3. Bb5 e6 4. O-O Nge7 5. d4 cxd4 6. Nxd4 a6 7. Be2 d5 8.
exd5 Qxd5 9. Be3 Nxd4 10. Qxd4 Qxd4 11. Bxd4 Bd7 12. c3 Rc8 13. Nd2 Nf5 14. Bb6
Be7 15. Rfd1 O-O 16. Nb3 Ba4 17. g4 Nd6 18. Rd4 Bxb3 19. axb3 f5 20. Rad1 Rc6
21. Ba5 Ne4 22. Bb4 Bc5 23. Bxc5 Rxc5 24. gxf5 exf5 25. Bc4+ Kh8 26. Rd8 Rc8
27. Rxc8 Rxc8 28. Be6 Rf8 29. b4 h6 30. Rd7 Rf6 31. Bd5 Rd6 32. Rxd6 Nxd6 33.
c4 b6 34. c5 bxc5 35. bxc5 Nb5 36. Bc4 Nc7 37. b4 g6 38. c6 Kg7 39. Bxa6 Kf6
40. Bc4 Ke5 41. b5 Kd6 42. b6 Ne8 43. Bf7 Nf6 44. c7 1-0

[Event "Memoria? Zamenhofa"]
[Site "Bialystok"]
[Date "2024.12.28"]
[Round "3.22"]
[White "Kotarski, Bartosz"]
[Black "Pietruszewski, Marcin"]
[Result "1-0"]
[WhiteElo "1968"]
[BlackElo "2187"]
[PlyCount "72"]
[EventDate "2024.??.??"]

1. e4 c5 2. Nf3 e6 3. d4 cxd4 4. Nxd4 a6 5. Bd3 Nf6 6. c4 d6 7. Nc3 g6 8. Bg5
Bg7 9. O-O h6 10. Bh4 O-O 11. Nc2 b6 12. f4 Nc6 13. Ne3 Qc7 14. Rc1 Qb8 15. Bb1
b5 16. cxb5 axb5 17. e5 dxe5 18. Ne4 Nxe4 19. Bxe4 exf4 20. Ng4 Rxa2 21. Bxc6
g5 22. Be1 b4 23. b3 f5 24. Nf2 Ba6 25. Qd7 Bxf1 26. Qxe6+ Kh8 27. Kxf1 f3 28.
Bxf3 Qxh2 29. Rc8 Qf4 30. Rxf8+ Bxf8 31. Bd5 Rxf2+ 32. Bxf2 Qc1+ 33. Be1 Qf4+
34. Ke2 Qg4+ 35. Kd3 Qd1+ 36. Bd2 Qb1+ 1-0